Revue française de pédagogie No 152 (Record no. 2149)

MARC details
000 -LEADER
fixed length control field 00750nas a2200253 4500
008 - FIXED-LENGTH DATA ELEMENTS--GENERAL INFORMATION
fixed length control field s2005 fr fre u
020 ## - INTERNATIONAL STANDARD BOOK NUMBER
International Standard Book Number 2734210169
020 ## - INTERNATIONAL STANDARD BOOK NUMBER
International Standard Book Number 9782734210160
022 ## - INTERNATIONAL STANDARD SERIAL NUMBER
International Standard Serial Number 0556-7807
040 ## - CATALOGING SOURCE
Original cataloging agency LB-BrCRDP
082 1# - DEWEY DECIMAL CLASSIFICATION NUMBER
Classification number 070.4
Item number RFP
245 10 - TITLE STATEMENT
Title Revue française de pédagogie No 152
Remainder of title Recherches en éducation , Sciences cognitives, apprentissages et enseignement
260 ## - PUBLICATION, DISTRIBUTION, ETC.
Place of publication, distribution, etc. Paris
Name of publisher, distributor, etc. INRP
Date of publication, distribution, etc. Jui. Aou. Sep. 2005
300 ## - PHYSICAL DESCRIPTION
Extent 187 p.
Dimensions 24 cm
500 ## - GENERAL NOTE
General note Sommaire.
650 4# - SUBJECT ADDED ENTRY--TOPICAL TERM
Topical term or geographic name entry element Sciences cognitives
650 4# - SUBJECT ADDED ENTRY--TOPICAL TERM
Topical term or geographic name entry element Apprentissage
650 4# - SUBJECT ADDED ENTRY--TOPICAL TERM
Topical term or geographic name entry element Dyslexie
650 4# - SUBJECT ADDED ENTRY--TOPICAL TERM
Topical term or geographic name entry element Musique
650 4# - SUBJECT ADDED ENTRY--TOPICAL TERM
Topical term or geographic name entry element Multimédia
650 4# - SUBJECT ADDED ENTRY--TOPICAL TERM
Topical term or geographic name entry element Audiovisuel et pédagogie
942 ## - ADDED ENTRY ELEMENTS (KOHA)
Koha item type Continuing Resources
Holdings
Withdrawn status Lost status Source of classification or shelving scheme Damaged status Not for loan Home library Current library Shelving location Date acquired Source of acquisition Cost, normal purchase price Total Checkouts Full call number Barcode Date last seen Copy number Price effective from Koha item type
    Dewey Decimal Classification     مكتبة دار المعلمين و المعلمات - النبطية مكتبة دار المعلمين و المعلمات - النبطية Salle de Lecture 02/24/2007 Ambassade de France 15.00   050 INR. CRN2245 07/28/2016 1 07/28/2016 Continuing Resources
    Dewey Decimal Classification     مكتبة دار المعلمين و المعلمات - جونية مكتبة دار المعلمين و المعلمات - جونية Salle de Lecture 02/24/2007 Ambassade de France 15.00   050 INR. CRJ2245 07/27/2016 1 07/27/2016 Continuing Resources
    Dewey Decimal Classification     مكتبة دار المعلمين و المعلمات - زحلة مكتبة دار المعلمين و المعلمات - زحلة Salle de Lecture 05/07/2007 Amb. de France 0.00   070.4 RFP CRZ2192 07/27/2016 1 07/27/2016 Continuing Resources